Symmetrische Großbuchstaben - Sudden Death - Statistiken

Allgemein
  • Dieses Quiz wurde 845 mal gespielt
    781 seit der letzten Aktualisierung
  • Das Durchschnittsergebnis liegt bei 11 aus 18
Answers on the Grid
Answers color-coded by a green-red scale on the quiz's grid according to % correct below.
A
B
C
D
E
F
G
H
I
J
K
L
M
N
O
P
Q
R
S
T
U
V
W
X
Y
Z
 
Antwortstatistiken
Antwort % Korrekt
A
90%
H
88%
I
83%
M
70%
O
68%
U
68%
V
67%
W
67%
X
63%
E
62%
C
61%
T
59%
Y
59%
B
57%
D
57%
Z
30%
S
29%
N
24%
Keine übereinstimmenden Quizze gefunden
Verteilung der Resultate
Anzahl Personen mit jedem Resultat
Perzentil nach korrekt beantworteten Fragen
Ihre Resultats-Entwicklung
Sie haben dieses Quiz seit der letzten Aktualisierung nicht gespielt